000 00479nam a2200193Ia 4500
005 20240823042102.0
008 240823s9999||||xx |||||||||||||| ||und||
041 _aENGLISH
082 _A621.3192 N9
100 _aMuthusubramanian R
245 0 _aNetwork Analysis and Synthesis
250 _a1st
260 _c1999
_b"Anuradha,Kumbakonam"
500 _aTRANSFERED
650 _aElectrical Networks
_bElectrical
700 _a Ayyappan K
942 _cBK
999 _c207037
_d207037